Công nghệ gia công tinh bóng bằng vật liệu hạt : (Dùng cho giảng dạy, nghiên cứu và sản xuất)
Sách gồm 7 chương giới thiệu về: Cơ sở lý thuyết về vật liệu hạt mài; Mài tinh mỏng; Mài siêu tinh; Mài khôn; Mài khôn rung; Mài nghiền; Đánh bóng...
Saved in:
| Main Author: | |
|---|---|
| Format: | Book |
| Language: | Undetermined |
| Published: |
Hà Nội
Khoa học và Kỹ thuật
2008
|
| Subjects: | |
| Tags: |
Add Tag
No Tags, Be the first to tag this record!
|
| Institutions: | Trung tâm Học liệu Trường Đại học Cần Thơ |
|---|
| LEADER | 00989nam a2200217Ia 4500 | ||
|---|---|---|---|
| 001 | CTU_142131 | ||
| 008 | 210402s9999 xx 000 0 und d | ||
| 020 | |c 55000 | ||
| 082 | |a 671.7 | ||
| 082 | |b L451 | ||
| 100 | |a Nguyễn, Đắc Lộc | ||
| 245 | 0 | |a Công nghệ gia công tinh bóng bằng vật liệu hạt : | |
| 245 | 0 | |b (Dùng cho giảng dạy, nghiên cứu và sản xuất) | |
| 245 | 0 | |c Nguyễn Đắc Lộc (chủ biên), Nguyễn Huy Ninh, Trương Hoành Sơn | |
| 260 | |a Hà Nội | ||
| 260 | |b Khoa học và Kỹ thuật | ||
| 260 | |c 2008 | ||
| 520 | |a Sách gồm 7 chương giới thiệu về: Cơ sở lý thuyết về vật liệu hạt mài; Mài tinh mỏng; Mài siêu tinh; Mài khôn; Mài khôn rung; Mài nghiền; Đánh bóng... | ||
| 650 | |a Metallurgy,Plate-metal work | ||
| 904 | |i Minh Tâm, Năm | ||
| 980 | |a Trung tâm Học liệu Trường Đại học Cần Thơ | ||